000 00529nam a2200217Ia 4500
003 OSt
005 20220531160250.0
008 210210b2016 xxu||||| |||| 00| 0 eng d
020 _a9789385556524
040 _cAL
041 _aeng
082 _a346.066 MYNC
100 _aMYNENI (S R)
_939797
245 _aCompany law: companies act 2013
_bCorporate law -I
250 _a2
260 _aHyderabad
_bAsia Law House
_c2016
300 _axlvi, 642
690 _aCompany Law
_939798
906 _a070945
942 _2ddc
_cBK
999 _c120357
_d120357